000 00898nam a2200277 a 4500
001 56791
003 BD-RjUL
005 20211209080431.0
008 161204r20021995enk b 001 0 eng
020 _a0415267625 (hb)
020 _a0415267633 (pbk.)
035 _a(BD-RjUL)56915
040 _aDLC
_cDLC
_dBD-RjUL
_beng
041 _aeng
082 0 0 _a190
_223
_bSCS 2002
100 1 _aScruton, Roger.
_9168879
245 1 2 _aA short history of modern philosophy :
_bfrom Descartes to Wittgenstein /
_cRoger Scruton.
250 _a2nd ed., [rev.].
260 _aLondon ;
_aNew York :
_bRoutledge,
_c1995 [Reprinted 2002].
300 _aix, 318 p. ;
_c20 cm.
500 _aRev. ed. of: From Descartes to Wittgenstein, 1981.
504 _aIncludes bibliographical references (p. [295]-310) and index.
650 0 _aPhilosophy, Modern.
_9168880
942 _2ddc
_cBK
999 _c56791
_d56791